| 000 | 00330nam a2200121Ia 4500 | ||
|---|---|---|---|
| 008 | 230907s9999||||xx |||||||||||||| ||und|| | ||
| 082 |
_a891.4393 _bNAS |
||
| 245 | 0 | _aپورس کے ہاتھی , Poras kay haathi / | |
| 260 |
_aJahangir Book Depot., _bLahore : _c2005 |
||
| 300 | _a192 p. | ||
| 650 | _aUrdu Literature | ||
| 942 | _cBK | ||
| 999 |
_c599719 _d599719 |
||